000 00478nam a2200169 i 4500
001 107171
003 ES-MaACL
005 20230906184349.0
007 t|
008 061121s1931 sp r ||||1| spa d
100 1 _aMorillo y Farfán, José.
_983563
245 1 0 _aCurso de electrotecnia /
_cJosé Morillo y Farfán.
260 _aMadrid :
_bNuevas Gráficas,
_c1931.
300 _a2 t. en 3 v. ;
_c26 cm.
650 4 _aElectrotecnia.
_912169
852 _aES-MaACL
_jA-1867-69
999 _c107171
_d107171